Naissance de la terre, et de la vie sur la terre ; exposes at discussions.

Bibliographic Details
Corporate Author: Centre international de synthèse
Format: Book
Language:French
Published: Paris : A. Michel, [1952]
Series:Its Semaine de synthese, 14
Subjects:

MARC

Tag First Indicator Second Indicator Subfields
LEADER 00000cam a2200000 4500
001 in00000045298
005 20151007071202.0
008 800603s1952 fr 00000 fre d
035 |a (OCoLC)06382467 
035 |9 AAE5484AM 
040 |a TXA  |c TXA  |d UtOrBLW 
049 |a TXAM  |c [218573] 
090 |a QB632  |b .C46 1952 
092 |a 551  |b C397n 
110 2 |a Centre international de synthèse. 
245 1 0 |a Naissance de la terre, et de la vie sur la terre ;  |b exposes at discussions. 
264 1 |a Paris :  |b A. Michel,  |c [1952] 
300 |a 229 pages 
336 |a text  |b txt  |2 rdacontent 
337 |a unmediated  |b n  |2 rdamedia 
338 |a volume  |b nc  |2 rdacarrier 
490 0 |a Its Semaine de synthese, 14 
651 0 |a Earth (Planet) 
650 0 |a Cosmogony. 
999 |a MARS 
999 f f |s ee69d627-1a96-38fa-8fac-ed8d6f5074b8  |i 62ae36dd-02b8-3b9c-adad-5eeafe3b35b9  |t 0 
952 f f |p ric  |a Texas A&M University  |b Rellis Campus  |c Joint Library Facility  |d Remote Storage  |t 0  |e QB632 .C46 1952  |h Library of Congress classification  |i unmediated -- volume  |m A14800949667 
998 f f |a QB632 .C46 1952  |t 0  |l Remote Storage